| 000 | 00857nam a2200205 i 4500 | ||
|---|---|---|---|
| 001 | 80782 | ||
| 003 | ES-MaACL | ||
| 005 | 20230906174310.0 | ||
| 007 | t| | ||
| 008 | 041029s1943 mx ||||1| spa d | ||
| 100 | 1 |
_aHolt, L. Emmett. _964081 |
|
| 245 | 1 | 0 |
_aTratado de Pediatría / _cpor L. Emmett Holt, John Howland ; revisión de la undécima edición en inglés por L. Emmett Holt Jr. y Rustin McIntosh ; traducción al castellano por Ricardo Alduvin ; revisión de la traducción por Oscar G. Carrera. |
| 260 |
_aMéxico : _bUnión Tipográfica Editorial Hispano-Americana, _c[1943] ( _fImp. La Nación) |
||
| 300 |
_a2 v., 8 lám. : _bil. ; _c26 cm. |
||
| 700 | 1 |
_aHowland, John. _964414 |
|
| 700 | 1 |
_aMcIntosh, Rustin. _979583 |
|
| 700 | 1 |
_aAlduvin, Ricardo. _919659 |
|
| 700 | 1 |
_aCarrera, Oscar G. _935633 |
|
| 852 |
_aES-MaACL _jC-5274-75 _bR.25389 |
||
| 999 |
_c80782 _d80782 |
||